[Event "CZE-chT2B 1718"]
[Site "Czech Republic"]
[Date "2017.11.05"]
[Round "2.2"]
[White "Formanek, Martin"]
[Black "Soukup, Vaclav"]
[Result "1-0"]
[WhiteElo "2280"]
[BlackElo "2144"]
[PlyCount "73"]
[EventDate "2017.10.15"]
[EventType "team-tourn"]
[EventRounds "11"]
[EventCountry "CZE"]
[SourceTitle "EXT 2022"]
[Source "ChessBase"]
[SourceDate "2021.10.06"]
[SourceVersion "1"]
[SourceVersionDate "2021.10.06"]
[SourceQuality "1"]
[WhiteTeam "Kobylisy"]
[BlackTeam "Zizkov"]
[WhiteTeamCountry "CZE"]
[BlackTeamCountry "CZE"]

1. e4 c5 2. Nf3 d6 3. c3 Nf6 4. Bd3 Bg4 5. Bc2 Nc6 6. d3 e5 7. h3 Bh5 8. Nbd2 Be7 9. Nf1 d5 10. Ng3 dxe4 11. Nxh5 Nxh5 12. dxe4 Qxd1+ 13. Bxd1 Nf4 14. Bxf4 exf4 15. Ba4 0-0 16. Bxc6 bxc6 17. 0-0-0 f6 18. Rd7 Kf7 19. Rhd1 Ke6 20. Rc7 Rfc8 21. Rdd7 Rxc7 22. Rxc7 Kd6 23. Rb7 g5 24. Nd2 h5 25. Nc4+ Ke6 26. Rc7 g4 27. h4 Rd8 28. Rxc6+ Kf7 29. Kc2 f5 30. Ne5+ Kg7 31. Ng6 fxe4 32. Nxe7 g3 33. fxg3 e3 34. Re6 Kf7 35. Re4 Rd2+ 36. Kb3 Re2 37. gxf4 1-0

[Event "Czech Fed-ch U14"]
[Site "Hrdonov"]
[Date "2013.10.28"]
[Round "3"]
[White "Soukup, Vaclav"]
[Black "Simet, Martin"]
[Result "0-1"]
[WhiteElo "1453"]
[BlackElo "1757"]
[PlyCount "86"]
[EventDate "2013.10.26"]
[EventType "swiss"]
[EventRounds "9"]
[EventCountry "CZE"]
[SourceTitle "EXT 2016"]
[Source "ChessBase"]
[SourceDate "2015.10.08"]
[SourceVersion "1"]
[SourceVersionDate "2015.10.08"]
[SourceQuality "1"]

1. e4 c5 2. Nf3 d6 3. d4 cxd4 4. Nxd4 Nf6 5. Nc3 g6 6. Be3 Bg7 7. f3 0-0 8. Qd2 Nc6 9. 0-0-0 Nxd4 10. Bxd4 Be6 11. Kb1 Rc8 12. g4 Qc7 13. h4 a6 14. h5 b5 15. hxg6 fxg6 16. g5 Nh5 17. Bxg7 Kxg7 18. Be2 Nf4 19. Rh2 Qa5 20. Qd4+ Kg8 21. Rdh1 Nxe2 22. Nxe2 Qxa2+ 23. Kc1 Bb3 24. Nc3 Qa1+ 25. Nb1 Rf7 26. c3 a5 27. Rh6 Rg7 28. f4 b4 29. f5 Ba2 30. Qd3 Bxb1 31. Qxb1 Qxb1+ 32. Kxb1 gxf5 33. exf5 bxc3 34. g6 cxb2 35. gxh7+ Kh8 36. Kxb2 Rf8 37. R6h5 Rff7 38. f6 Rxf6 39. Rxa5 Rxh7 40. Rg1 Rg7 41. Rd1 Rg2+ 42. Kc1 Rff2 43. Rad5 Kg7 0-1

[Event "CZE-chT2A 1112"]
[Site "Czech Republic"]
[Date "2012.01.22"]
[Round "6.7"]
[White "Soukup, Vaclav"]
[Black "Gdovin, Jan"]
[Result "1/2-1/2"]
[WhiteElo "2094"]
[BlackElo "2090"]
[PlyCount "108"]
[EventDate "2011.10.09"]
[EventType "team-tourn"]
[EventRounds "11"]
[EventCountry "CZE"]
[SourceTitle "EXT 2013"]
[Source "ChessBase"]
[SourceDate "2012.11.22"]
[SourceVersion "1"]
[SourceVersionDate "2012.11.22"]
[SourceQuality "1"]
[WhiteTeam "Zizkov"]
[BlackTeam "Pisek"]
[WhiteTeamCountry "CZE"]
[BlackTeamCountry "CZE"]

1. c4 e6 2. d4 f5 3. g3 Nf6 4. Bg2 d5 5. Nf3 c6 6. 0-0 Bd6 7. Bf4 Bxf4 8. gxf4 0-0 9. Nbd2 Nbd7 10. Rc1 Ne4 11. e3 Qe7 12. a3 Rf6 13. Ng5 Nxd2 14. Qxd2 Rh6 15. Qb4 Qxb4 16. axb4 dxc4 17. Rxc4 Nb6 18. Rc5 a6 19. Ra1 Bd7 20. Nf3 Rf6 21. Ne5 Rff8 22. Rca5 Rab8 23. Rc5 Be8 24. Rc2 Nd5 25. Nd3 Bh5 26. Kf1 h6 27. Bxd5 exd5 28. h4 Rfe8 29. Ke1 Kf7 30. Kd2 Re7 31. Nc5 Kf6 32. Rg1 Rg8 33. Rcc1 Be8 34. Nd3 Bh5 35. Ra1 Ke6 36. Rg3 Kd6 37. Rag1 Kc7 38. Ne5 Kd6 39. Ng6 Rf7 40. Ne5 Re7 41. Nd3 Kc7 42. Nc5 Kb6 43. Kc3 Kc7 44. Nb3 Kb6 45. Nd2 Kc7 46. Kd3 Kb6 47. Nf1 Kb5 48. Kc3 Kb6 49. R3g2 Rf7 50. Ng3 Bf3 51. Rh2 g5 52. hxg5 hxg5 53. fxg5 Rxg5 54. Rh4 Rg4 1/2-1/2

[Event "CZE-chT2A 1011"]
[Site "Czech Republic"]
[Date "2010.12.05"]
[Round "4"]
[White "Soukup, Vaclav"]
[Black "Fiala, Jan"]
[Result "0-1"]
[WhiteElo "2090"]
[BlackElo "2106"]
[PlyCount "102"]
[EventDate "2010.10.17"]
[EventType "team-tourn"]
[EventRounds "11"]
[EventCountry "CZE"]
[SourceTitle "EXT 2012"]
[Source "ChessBase"]
[SourceDate "2011.11.24"]
[SourceVersion "1"]
[SourceVersionDate "2011.11.24"]
[SourceQuality "1"]
[WhiteTeam "Zizkov"]
[BlackTeam "Tabor"]
[WhiteTeamCountry "CZE"]
[BlackTeamCountry "CZE"]

1. c4 e5 2. Nc3 Nc6 3. Nf3 Nf6 4. e3 g6 5. d4 d6 6. d5 Ne7 7. e4 Bg7 8. c5 0-0 9. Be2 Ne8 10. cxd6 cxd6 11. Qb3 f5 12. Be3 Nf6 13. Nxe5 Nxe4 14. Nf3 Nxc3 15. bxc3 Qa5 16. Bd4 Nxd5 17. Bc4 Be6 18. Bxg7 Kxg7 19. Ng5 Bg8 20. Qxb7+ Nc7 21. Qb3 d5 22. Be2 Rfe8 23. Qb4 Qa6 24. Qd4+ Qf6 25. Nf3 Nb5 26. Qxf6+ Kxf6 27. Rc1 Rac8 28. Kd2 Nxc3 29. Bd3 Ne4+ 30. Bxe4 dxe4 31. Rxc8 Rxc8 32. Nd4 Rc4 33. Nc2 Ra4 34. a3 Bb3 35. Ra1 Bxc2 36. Kxc2 Ke5 37. Kb3 Rd4 38. Ra2 f4 39. g3 g5 40. a4 e3 41. gxf4+ gxf4 42. fxe3 fxe3 43. Kc3 Ke4 44. Rg2 Rd7 45. Kc2 Kf3 46. Rg8 Rd2+ 47. Kc1 Rxh2 48. Rf8+ Ke2 49. Rf7 a5 50. Rb7 Kf1 51. Rf7+ Rf2 0-1

[Event "CZE-chT2A 0910"]
[Site "Czech Republic"]
[Date "2010.03.14"]
[Round "9.5"]
[White "Haspl, Miroslav"]
[Black "Soukup, Vaclav"]
[Result "1-0"]
[WhiteElo "2092"]
[BlackElo "2099"]
[PlyCount "97"]
[EventDate "2009.10.18"]
[EventType "team-tourn"]
[EventRounds "11"]
[EventCountry "CZE"]
[SourceTitle "EXT 2012"]
[Source "ChessBase"]
[SourceDate "2011.11.24"]
[SourceVersion "1"]
[SourceVersionDate "2011.11.24"]
[SourceQuality "1"]
[WhiteTeam "Zebrak"]
[BlackTeam "Zizkov"]
[WhiteTeamCountry "CZE"]
[BlackTeamCountry "CZE"]

1. c4 e5 2. Nc3 Nf6 3. g3 c6 4. d4 exd4 5. Qxd4 d5 6. Bg5 Be7 7. cxd5 cxd5 8. e3 Nc6 9. Qd2 d4 10. exd4 Qxd4 11. Qxd4 Nxd4 12. 0-0-0 Ne6 13. Bxf6 Bxf6 14. Ne4 Be5 15. f4 Bd4 16. Nd6+ Kf8 17. Nf3 Bc5 18. Kb1 Bxd6 19. Rxd6 Ke7 20. Rd2 Rd8 21. Rxd8 Nxd8 22. Bd3 Nc6 23. Re1+ Kf8 24. Be4 Bd7 25. Bxc6 Bxc6 26. Nd4 Bd5 27. b3 Re8 28. Rxe8+ Kxe8 29. Nb5 Ke7 30. Nxa7 Kf6 31. Nc8 g5 32. fxg5+ Kxg5 33. Kc1 Kg4 34. Kd2 Kh3 35. Ke3 Kxh2 36. Kf4 h5 37. Nd6 Kg2 38. Nf5 Kf2 39. Nd4 Be6 40. a4 Bd7 41. a5 Ke1 42. Ke3 Kd1 43. b4 Bh3 44. b5 Bf1 45. b6 Bc4 46. Nb3 Kc2 47. Nc5 Bd5 48. a6 bxa6 49. Nxa6 1-0

[Event "CZE-ch U10"]
[Site "Kouty nad Desnou"]
[Date "2010.03.11"]
[Round "7"]
[White "Soukup, Vaclav"]
[Black "Pulpan, Matej"]
[Result "1-0"]
[WhiteElo "2099"]
[BlackElo "1682"]
[PlyCount "71"]
[EventDate "2010.03.06"]
[EventType "swiss"]
[EventRounds "9"]
[EventCountry "CZE"]
[SourceTitle "EXT 2012"]
[Source "ChessBase"]
[SourceDate "2011.11.24"]
[SourceVersion "1"]
[SourceVersionDate "2011.11.24"]
[SourceQuality "1"]

1. d4 Nf6 2. Nc3 d5 3. Bg5 g6 4. e3 Bg7 5. Nf3 0-0 6. Bd3 c5 7. 0-0 Bg4 8. Re1 Nc6 9. Be2 Ne4 10. Nxe4 dxe4 11. Ne5 Bxe2 12. Nxc6 bxc6 13. Rxe2 cxd4 14. exd4 Qxd4 15. Qxd4 Bxd4 16. c3 Bc5 17. Rxe4 Rab8 18. b4 f6 19. Bh6 Bd6 20. Bxf8 Kxf8 21. Rc4 Rc8 22. b5 c5 23. Ra4 Rc7 24. Ra6 Rb7 25. Rb1 Bc7 26. a4 Ke8 27. a5 Kd7 28. b6 Bb8 29. Rd1+ Kc8 30. bxa7 Rxa7 31. Rxa7 Bxa7 32. Rb1 e5 33. a6 f5 34. Rb7 Bb8 35. Rxh7 Bc7 36. a7 1-0

[Event "CZE-ch U10"]
[Site "Kouty nad Desnou"]
[Date "2010.03.09"]
[Round "5"]
[White "Soukup, Vaclav"]
[Black "Vykouk, Jan"]
[Result "1-0"]
[WhiteElo "2099"]
[BlackElo "1631"]
[PlyCount "63"]
[EventDate "2010.03.06"]
[EventType "swiss"]
[EventRounds "9"]
[EventCountry "CZE"]
[SourceTitle "EXT 2012"]
[Source "ChessBase"]
[SourceDate "2011.11.24"]
[SourceVersion "1"]
[SourceVersionDate "2011.11.24"]
[SourceQuality "1"]

1. d4 Nf6 2. Nc3 g6 3. e4 d6 4. f3 Bg7 5. Be3 Bd7 6. Bc4 a6 7. Qd2 b5 8. Bb3 h6 9. g4 a5 10. a3 Na6 11. h4 h5 12. gxh5 Nxh5 13. Nge2 Rc8 14. Nd5 e6 15. Ndf4 Nxf4 16. Bxf4 Rxh4 17. 0-0-0 Rxh1 18. Rxh1 a4 19. Ba2 e5 20. Bg5 f6 21. Bh6 Qe7 22. dxe5 Bc6 23. Nf4 fxe5 24. Nd5 Qf7 25. Bg5 Qxf3 26. Rh7 Qf1+ 27. Qd1 Qxd1+ 28. Kxd1 Nc5 29. Rxg7 Nxe4 30. Nf6+ Nxf6 31. Bxf6 Bb7 32. Be6 1-0

[Event "CZE-chT2A 0910"]
[Site "Czech Republic"]
[Date "2010.02.14"]
[Round "7.6"]
[White "Soukup, Vaclav"]
[Black "Janousek, Petr"]
[Result "1-0"]
[WhiteElo "2099"]
[BlackElo "2177"]
[PlyCount "147"]
[EventDate "2009.10.18"]
[EventType "team-tourn"]
[EventRounds "11"]
[EventCountry "CZE"]
[SourceTitle "EXT 2012"]
[Source "ChessBase"]
[SourceDate "2011.11.24"]
[SourceVersion "1"]
[SourceVersionDate "2011.11.24"]
[SourceQuality "1"]
[WhiteTeam "Zizkov"]
[BlackTeam "Kozolupy"]
[WhiteTeamCountry "CZE"]
[BlackTeamCountry "CSR"]

1. c4 e6 2. d4 d5 3. Nf3 c5 4. cxd5 exd5 5. Nc3 Nc6 6. g3 Nf6 7. Bg2 Be7 8. 0-0 0-0 9. dxc5 Bxc5 10. Bg5 d4 11. Bxf6 Qxf6 12. Nd5 Qd8 13. Nd2 Re8 14. Rc1 Bd6 15. Re1 Be6 16. Nc4 Bb8 17. e4 Bd6 18. a3 Bf8 19. b4 a6 20. Nb2 Rc8 21. Nd3 Na7 22. N3f4 Rxc1 23. Qxc1 Nc6 24. Nd3 Qb8 25. f4 Ne7 26. Nxe7+ Bxe7 27. Qb2 Rd8 28. Rc1 Bd7 29. Ne5 Be6 30. Nd3 Bd7 31. Ne5 Be6 32. Rd1 Qd6 33. Bf1 Qb6 34. Nd3 Bg4 35. Rc1 Bf3 36. Bg2 Bxg2 37. Qxg2 a5 38. Qb2 axb4 39. axb4 Qe6 40. Qc2 Bd6 41. e5 Bb8 42. Qc5 h6 43. Qa5 Rf8 44. Qb5 Qb3 45. Qc4 Qa3 46. Kg2 Ba7 47. Rc2 Bb6 48. Ra2 Qc3 49. Qxc3 dxc3 50. Rc2 Rc8 51. Nc5 Bxc5 52. Rxc3 b6 53. Kf3 Ra8 54. bxc5 bxc5 55. Ke4 Ra2 56. h3 Rh2 57. g4 Re2+ 58. Kd5 Rf2 59. f5 h5 60. Kxc5 Rf4 61. Rc4 Rf3 62. Kd6 Rxh3 63. gxh5 Rxh5 64. Rc8+ Kh7 65. e6 fxe6 66. fxe6 Rh1 67. e7 Rd1+ 68. Kc6 Rc1+ 69. Kb7 Rb1+ 70. Ka6 Re1 71. e8Q Rxe8 72. Rxe8 Kg6 73. Kb5 Kf5 74. Kc4 1-0

[Event "Usti nad Labem op"]
[Site "Usti nad Labem"]
[Date "2009.??.??"]
[Round "7"]
[White "Riha, Jaroslav"]
[Black "Soukup, Vaclav"]
[Result "1-0"]
[WhiteElo "2053"]
[BlackElo "2126"]
[PlyCount "81"]
[EventDate "2009.??.??"]
[EventType "swiss"]
[EventRounds "7"]
[EventCountry "CZE"]
[SourceTitle "EXT 2011"]
[Source "ChessBase"]
[SourceDate "2010.11.26"]
[SourceVersion "1"]
[SourceVersionDate "2010.11.26"]
[SourceQuality "1"]

1. c4 e5 2. Nc3 Nf6 3. Nf3 Nc6 4. g3 b6 5. Bg2 Bb7 6. 0-0 d6 7. a3 Be7 8. b4 0-0 9. Rb1 a5 10. d4 Nxd4 11. Nxd4 Bxg2 12. Kxg2 exd4 13. Qxd4 c5 14. bxc5 bxc5 15. Qd1 Rb8 16. Rxb8 Qxb8 17. Bf4 Qb6 18. Qb1 Qc6+ 19. e4 Nh5 20. Be3 f5 21. Nd5 Bd8 22. exf5 Nf6 23. Qd3 Ng4 24. Bf4 Re8 25. h3 Ne5 26. Bxe5 Rxe5 27. f4 Re8 28. Kh2 Qb7 29. Rb1 Qc6 30. h4 h6 31. Rb8 Qa4 32. f6 Bxf6 33. Nxf6+ gxf6 34. Qg6+ Kf8 35. Qxf6+ Kg8 36. Qg6+ Kf8 37. Qxh6+ Kg8 38. Qg6+ Kf8 39. Rxe8+ Qxe8 40. Qxe8+ Kxe8 41. h5 1-0

[Event "CZE-chT2A 0809"]
[Site "Czech Republic"]
[Date "2008.11.23"]
[Round "3.5"]
[White "Dvorak, Premysl"]
[Black "Soukup, Vaclav"]
[Result "0-1"]
[WhiteElo "1961"]
[BlackElo "2130"]
[PlyCount "122"]
[EventDate "2008.10.12"]
[EventType "tourn"]
[EventRounds "11"]
[EventCountry "CZE"]
[SourceTitle "EXT 2010"]
[Source "ChessBase"]
[SourceDate "2010.11.25"]
[SourceVersion "1"]
[SourceVersionDate "2010.11.25"]
[SourceQuality "1"]
[WhiteTeam "Ceske Budejovice II"]
[BlackTeam "Zizkov"]
[WhiteTeamCountry "CZE"]
[BlackTeamCountry "CZE"]

1. e4 c5 2. c3 d6 3. d4 Nf6 4. Bd3 g6 5. h3 Bg7 6. Ne2 0-0 7. 0-0 e5 8. d5 Ne8 9. f4 exf4 10. Bxf4 Nd7 11. Nd2 Ne5 12. Bc2 Bd7 13. Nf3 Qe7 14. Qd2 Bb5 15. Rae1 Nxf3+ 16. Rxf3 Bxe2 17. Rxe2 Be5 18. Bh6 Ng7 19. Ref2 b5 20. b3 a5 21. g4 b4 22. c4 Bd4 23. Be3 Bc3 24. Qe2 Be5 25. Kg2 f6 26. Qf1 Rf7 27. Bf4 Raf8 28. Qh1 Bxf4 29. Rxf4 Qe5 30. Qf1 Ne8 31. h4 Kg7 32. Qd3 Nc7 33. Kh3 Na8 34. Qg3 Nb6 35. Bd1 Qe7 36. g5 fxg5 37. hxg5 Rxf4 38. Rxf4 Rxf4 39. Qxf4 Nd7 40. Bg4 Ne5 41. Be6 Qf8 42. Kg3 Qxf4+ 43. Kxf4 h6 44. gxh6+ Kxh6 45. Bg4 Kg7 46. Be2 Kf6 47. Bf1 Nf7 48. Bg2 Nh6 49. Bh3 g5+ 50. Kf3 Ke5 51. Be6 Kd4 52. Bh3 Nf7 53. Kg4 Kxe4 54. Bg2+ Ke5 55. Bf1 Kf6 56. Be2 Ne5+ 57. Kh5 Kf5 58. Kh6 g4 59. Kg7 g3 60. Bf1 Nxc4 61. bxc4 a4 0-1

[Event "Tatry op"]
[Site "Tatranske Zruby"]
[Date "2008.09.28"]
[Round "2"]
[White "Michenka, Jozef"]
[Black "Soukup, Vaclav"]
[Result "1-0"]
[WhiteElo "2396"]
[BlackElo "2130"]
[PlyCount "79"]
[EventDate "2008.09.27"]
[EventType "swiss"]
[EventRounds "9"]
[EventCountry "SVK"]
[SourceTitle "CBM 126 Extra"]
[Source "ChessBase"]
[SourceDate "2008.11.05"]
[SourceVersion "1"]
[SourceVersionDate "2008.11.05"]
[SourceQuality "1"]

1. d4 Nf6 2. c4 c5 3. d5 b5 4. cxb5 a6 5. bxa6 Bxa6 6. Nc3 d6 7. Nf3 g6 8. e4 Bxf1 9. Kxf1 Bg7 10. g3 0-0 11. Kg2 Nbd7 12. Re1 Qa5 13. Qc2 Rfb8 14. Bd2 Qb4 15. Nd1 Qa4 16. b3 Qa6 17. Nb2 Nb6 18. a4 Ne8 19. Bc3 Bxc3 20. Qxc3 Qb7 21. Nd2 Nd7 22. Nd3 Nc7 23. Re3 Nb6 24. Nf4 Na6 25. g4 Qd7 26. Rg3 Nb4 27. a5 Nc8 28. Nc4 Qe8 29. Nh5 Qf8 30. Re1 Ra6 31. Nf4 Na7 32. h4 Nb5 33. Qd2 Nd4 34. h5 Qg7 35. g5 Rba8 36. hxg6 hxg6 37. Ne2 Nb5 38. Rh1 Rxa5 39. Qf4 Ra2 40. Qg4 1-0

[Event "CZE-chT2a 0405"]
[Site "Czech Republic"]
[Date "2005.04.10"]
[Round "11.7"]
[White "Pechoc, Bohumil"]
[Black "Soukup, Vaclav"]
[Result "0-1"]
[WhiteElo "2006"]
[BlackElo "2128"]
[PlyCount "98"]
[EventDate "2004.10.17"]
[EventType "team-tourn"]
[EventRounds "11"]
[EventCountry "CZE"]
[SourceTitle "EXT 2007"]
[Source "ChessBase"]
[SourceDate "2006.11.23"]
[SourceVersion "1"]
[SourceVersionDate "2006.11.23"]
[SourceQuality "1"]
[WhiteTeam "Pribram"]
[BlackTeam "Zizkov"]
[WhiteTeamCountry "CZE"]
[BlackTeamCountry "CZE"]

1. d4 Nf6 2. Nf3 c5 3. c3 d5 4. g3 Nc6 5. Bg2 Bf5 6. Qa4 e6 7. 0-0 Be7 8. dxc5 Bxc5 9. b4 Bb6 10. Nd4 Bxd4 11. cxd4 Qb6 12. Bd2 Qxd4 13. Bc3 Qc4 14. Rc1 0-0 15. Bf1 Ne4 16. a3 Nxc3 17. Nxc3 Qd4 18. Nb5 Qb6 19. Rc5 a5 20. Qd1 axb4 21. axb4 Rxa1 22. Qxa1 Nxb4 23. Qa7 Qxa7 24. Nxa7 Ra8 25. Rc7 Rb8 26. Rc8+ Rxc8 27. Nxc8 Bc2 28. Nd6 b6 29. Nc8 Kf8 30. Nxb6 Ke7 31. f4 Kd6 32. e3 Kc7 33. Na8+ Kb7 34. Bb5 Kxa8 35. Be8 f6 36. Bf7 e5 37. g4 Kb7 38. h4 Kc6 39. g5 Kd6 40. h5 h6 41. Kf2 hxg5 42. fxg5 fxg5 43. Kg3 Ke7 44. Bg8 Kf6 45. Kf2 Bd1 46. Ke1 Bxh5 47. Kd2 Bf7 48. Bxf7 Kxf7 49. Kc3 Nc6 0-1

[Event "CZE-chT2a 0405"]
[Site "Czech Republic"]
[Date "2005.02.06"]
[Round "7.6"]
[White "Soukup, Vaclav"]
[Black "Meszaros, Ludek"]
[Result "1-0"]
[WhiteElo "2128"]
[BlackElo "2190"]
[PlyCount "119"]
[EventDate "2004.10.17"]
[EventType "team-tourn"]
[EventRounds "11"]
[EventCountry "CZE"]
[SourceTitle "EXT 2007"]
[Source "ChessBase"]
[SourceDate "2006.11.23"]
[SourceVersion "1"]
[SourceVersionDate "2006.11.23"]
[SourceQuality "1"]
[WhiteTeam "Zizkov"]
[BlackTeam "Tabor"]
[WhiteTeamCountry "CZE"]
[BlackTeamCountry "CZE"]

1. c4 g6 2. Nc3 Bg7 3. d4 Nf6 4. e4 d6 5. f3 0-0 6. Be3 Nc6 7. Qd2 a6 8. Nge2 Rb8 9. Nc1 Ne8 10. Nb3 f5 11. exf5 gxf5 12. d5 Ne5 13. Be2 c5 14. 0-0 Bd7 15. f4 Ng6 16. a4 b6 17. Bd3 Nc7 18. Qe2 Kh8 19. Rf3 Qe8 20. Rh3 Rf6 21. Bd2 Qg8 22. Qh5 Nf8 23. Re1 Rh6 24. Qxh6 Bxh6 25. Rxh6 Qg7 26. Rh5 Qf7 27. Rg5 h6 28. Rg3 Ng6 29. Nd1 Bxa4 30. Nc1 Rg8 31. b3 Bd7 32. Bc3+ Kh7 33. Rge3 Ne8 34. Ne2 Nf6 35. Nf2 Re8 36. Ng3 Nxf4 37. Bxf5+ Bxf5 38. Nxf5 Ng8 39. Nxd6 Qg6 40. Rg3 exd6 41. Rxg6 Rxe1+ 42. Bxe1 Kxg6 43. Ne4 Ne2+ 44. Kf1 Nd4 45. Nxd6 Nxb3 46. Nc8 b5 47. d6 Nf6 48. Nb6 Kf7 49. d7 Ke7 50. Bh4 Nd2+ 51. Ke2 Nde4 52. Nd5+ Kxd7 53. Nxf6+ Nxf6 54. Bxf6 bxc4 55. g4 Ke6 56. Bg7 h5 57. gxh5 Kf5 58. Kd2 Kg5 59. h6 Kg6 60. Kc3 1-0

[Event "CZE-chT2 0304"]
[Site "Czech Republic"]
[Date "2003.??.??"]
[Round "?"]
[White "Soukup, Vaclav"]
[Black "Purnoch, Josef"]
[Result "0-1"]
[WhiteElo "2100"]
[BlackElo "2139"]
[PlyCount "92"]
[EventDate "2003.10.??"]
[EventType "team-tourn"]
[EventRounds "11"]
[EventCountry "CZE"]
[SourceTitle "EXT 2007"]
[Source "ChessBase"]
[SourceDate "2006.11.23"]
[SourceVersion "1"]
[SourceVersionDate "2006.11.23"]
[SourceQuality "1"]

1. c4 Nf6 2. Nc3 c5 3. Nf3 d5 4. cxd5 Nxd5 5. g3 Nc6 6. Bg2 Nc7 7. 0-0 e5 8. d3 Be7 9. Nd2 Bd7 10. Nc4 f6 11. f4 0-0 12. Bd2 exf4 13. gxf4 Rb8 14. Rc1 Nd4 15. Ne3 Bc6 16. Bxc6 Nxc6 17. Ne4 b6 18. Nf5 Nd4 19. Neg3 Rf7 20. Bc3 Ncb5 21. e4 Bf8 22. a4 Nxc3 23. bxc3 Nxf5 24. Nxf5 Qd7 25. Ne3 Re8 26. Rf2 Kh8 27. c4 Qd4 28. Qd2 g6 29. Nd5 Bh6 30. Qc3 Qxc3 31. Rxc3 f5 32. Re2 fxe4 33. Rxe4 Rxe4 34. dxe4 Bxf4 35. Kg2 Be5 36. Rc2 Bd4 37. Kg3 Kg7 38. h3 Rf1 39. a5 bxa5 40. Ra2 Ra1 41. Re2 Be5+ 42. Kf3 a4 43. Ne3 a3 44. Ng4 Bd4 45. e5 a2 46. Nh2 Rf1+ 0-1